<?xml version="1.0" encoding="UTF-8"?>
<collection xmlns="http://www.loc.gov/MARC21/slim">
    <record>
        <controlfield tag="001">73024</controlfield>
        <controlfield tag="005">20180822115323.0</controlfield>
        <datafield tag="037" ind1=" " ind2=" ">
            <subfield code="a">GDOC-2017-28903</subfield>
        </datafield>
        <datafield tag="041" ind1=" " ind2=" ">
            <subfield code="a">spa</subfield>
        </datafield>
        <datafield tag="041" ind1=" " ind2=" ">
            <subfield code="a">eng</subfield>
        </datafield>
        <datafield tag="100" ind1=" " ind2=" ">
            <subfield code="0">(orcid)0000-0002-3243-7552</subfield>
            <subfield code="1">480496</subfield>
            <subfield code="a">KARMELO URCELAY, MARTÍNEZ DE ITURRATE</subfield>
        </datafield>
        <datafield tag="245" ind1="0" ind2="0">
            <subfield code="9">28903</subfield>
            <subfield code="a">Informática</subfield>
        </datafield>
        <datafield tag="242" ind1="0" ind2="0">
            <subfield code="9">28903</subfield>
            <subfield code="a">Computer science</subfield>
        </datafield>
        <datafield tag="260" ind1=" " ind2=" ">
            <subfield code="a">Zaragoza</subfield>
            <subfield code="b">Universidad de Zaragoza</subfield>
            <subfield code="c">2017-2018</subfield>
        </datafield>
        <datafield tag="520" ind1=" " ind2=" ">
            <subfield code="a">La informática es una herramienta fundamental en la organización de la información y la resolución de cualquier problema en los entornos de cualquier ingeniería.
La asignatura en primer lugar presenta los conceptos básicos de la informática y los criterios que debe tener el alumno para una utilización eficiente y segura de los ordenadores.
Durante el curso también se presentan algunas herramientas que el alumno necesitará utilizar durante sus estudios y durante su vida laboral.
Finalmente la asignatura se centra en desarrollar las capacidades del alumno de analizar problemas, y de ser capaz de diseñar un algoritmo que resuelva dicho problema, para posteriormente escribir un programa que lo haga efectivo. En este proceso lo importante es la habilidad en hacer buenos algoritmos, siendo secundario el lenguaje en que después se codifiquen éstos.</subfield>
            <subfield code="b">Computer Science is a fundamental tool in any engineering environment. The course introduces basic concepts about computer.
The course focuses on developing the student's abilities to analyze problems, and to design an algorithm that solves them</subfield>
        </datafield>
        <datafield tag="521" ind1=" " ind2=" ">
            <subfield code="9">140</subfield>
            <subfield code="a">Graduado en Ingeniería Agroalimentaria y del Medio Rural</subfield>
            <subfield code="b">Degree in Rural and Agri-Food Engineering</subfield>
        </datafield>
        <datafield tag="540" ind1=" " ind2=" ">
            <subfield code="a">by-nc-sa</subfield>
            <subfield code="b">Creative Commons</subfield>
            <subfield code="c">3.0</subfield>
            <subfield code="u">http://creativecommons.org/licenses/by-nc-sa/3.0/</subfield>
        </datafield>
        <datafield tag="830" ind1=" " ind2=" ">
            <subfield code="9">437</subfield>
        </datafield>
        <datafield tag="856" ind1="4" ind2=" ">
            <subfield code="s">10102</subfield>
            <subfield code="u">http://zaguan.unizar.es/record/73024/files/guia-28903-en.pdf</subfield>
            <subfield code="y">Guide (english)</subfield>
        </datafield>
        <datafield tag="856" ind1="4" ind2=" ">
            <subfield code="s">15440</subfield>
            <subfield code="u">http://zaguan.unizar.es/record/73024/files/guia-28903-es.pdf</subfield>
            <subfield code="y">Guía (idioma español)</subfield>
        </datafield>
        <datafield tag="970" ind1=" " ind2=" ">
            <subfield code="a">GDOC-2017-28903</subfield>
        </datafield>
        <datafield tag="980" ind1=" " ind2=" ">
            <subfield code="a">GDOC</subfield>
            <subfield code="b">Engineering and Architecture</subfield>
            <subfield code="b">Ingeniería y Arquitectura</subfield>
            <subfield code="c">201</subfield>
        </datafield>
    </record>

    
</collection>